[Event "Ustron op-B"]
[Site "Ustron"]
[Date "2024.08.17"]
[Round "9"]
[White "Kukla, Maciej1"]
[Black "Podzorski, Pawel"]
[Result "1-0"]
[WhiteElo "1729"]
[BlackElo "1781"]
[PlyCount "69"]
[EventDate "2024.08.09"]
[EventType "swiss"]
[EventRounds "9"]
[EventCountry "POL"]
[SourceTitle "EXT 2025"]
[Source "ChessBase"]
[SourceDate "2024.10.14"]
[SourceVersion "1"]
[SourceVersionDate "2024.10.14"]
[SourceQuality "1"]

1. e4 a6 2. d4 b5 3. Nf3 Bb7 4. Bd3 e6 5. 0-0 Nf6 6. Nbd2 c5 7. c3 Nc6 8. e5 Nd5 9. Ne4 cxd4 10. cxd4 Be7 11. Bg5 f6 12. exf6 Nxf6 13. Bxf6 gxf6 14. Re1 f5 15. Ng3 h5 16. d5 Nb4 17. d6 Bxd6 18. Bxf5 Bd5 19. Qd4 Rg8 20. a3 Bxg3 21. axb4 Bxh2+ 22. Kxh2 Rxg2+ 23. Kxg2 Qg5+ 24. Kh2 Bxf3 25. Bh3 Ke7 26. Rg1 Bg4 27. Rxg4 hxg4 28. Qxg4 Qe5+ 29. Qg3 Qxb2 30. Rd1 d5 31. Re1 Ra7 32. Rxe6+ Kf8 33. Qb8+ Kg7 34. Qxa7+ Kg8 35. Re8# 1-0

[Event "Ustron op-B"]
[Site "Ustron"]
[Date "2024.08.15"]
[Round "7"]
[White "Dziwoki, Pawel"]
[Black "Podzorski, Pawel"]
[Result "1/2-1/2"]
[WhiteElo "1737"]
[BlackElo "1781"]
[PlyCount "75"]
[EventDate "2024.08.09"]
[EventType "swiss"]
[EventRounds "9"]
[EventCountry "POL"]
[SourceTitle "EXT 2025"]
[Source "ChessBase"]
[SourceDate "2024.10.14"]
[SourceVersion "1"]
[SourceVersionDate "2024.10.14"]
[SourceQuality "1"]

1. e4 e5 2. Nf3 Nc6 3. Bc4 Bc5 4. 0-0 d6 5. c3 Nf6 6. d3 a6 7. a4 h6 8. Re1 0-0 9. h3 Ba7 10. Nbd2 Be6 11. Bxe6 fxe6 12. Nf1 Ne7 13. Be3 Bxe3 14. Nxe3 Ng6 15. Nc4 Qe8 16. d4 exd4 17. cxd4 Nxe4 18. Rxe4 d5 19. Re3 dxc4 20. Qe2 Qc6 21. Ne5 Nxe5 22. Rxe5 Rf6 23. Rc5 Qd6 24. Rxc4 Raf8 25. f3 b5 26. axb5 axb5 27. Rc2 Qxd4+ 28. Kh1 e5 29. Rd1 Qf4 30. Rxc7 e4 31. Rdd7 Rg6 32. Rc3 b4 33. Re3 Ra8 34. Rd1 exf3 35. Rxf3 Qc7 36. Qe4 Rga6 37. Qxb4 Rb6 38. Qd4 1/2-1/2

[Event "Ustron op-B"]
[Site "Ustron"]
[Date "2024.08.09"]
[Round "1"]
[White "Karwot, Marek"]
[Black "Podzorski, Pawel"]
[Result "1-0"]
[WhiteElo "1916"]
[BlackElo "1781"]
[PlyCount "149"]
[EventDate "2024.08.09"]
[EventType "swiss"]
[EventRounds "9"]
[EventCountry "POL"]
[SourceTitle "EXT 2025"]
[Source "ChessBase"]
[SourceDate "2024.10.14"]
[SourceVersion "1"]
[SourceVersionDate "2024.10.14"]
[SourceQuality "1"]

1. e4 e5 2. Nf3 Nc6 3. Bc4 Bc5 4. 0-0 d6 5. c3 a6 6. d3 h6 7. Bb3 Nf6 8. Nbd2 0-0 9. Re1 Ba7 10. Nf1 Re8 11. Ng3 Be6 12. Bxe6 fxe6 13. Be3 Bxe3 14. Rxe3 Rf8 15. a4 Ne7 16. d4 Ng6 17. dxe5 Ng4 18. Re1 N4xe5 19. Nxe5 Nxe5 20. f3 Rb8 21. Nf1 Qg5 22. Kh1 Rf6 23. Ne3 Rbf8 24. Re2 Ng6 25. Qe1 Nf4 26. Rd2 Rg6 27. g3 Nh5 28. f4 Qc5 29. Rd4 Nxg3+ 30. hxg3 Qh5+ 31. Kg1 e5 32. Rd2 Qf3 33. Rg2 Qxe4 34. f5 Rg5 35. Qe2 d5 36. Rd1 d4 37. cxd4 exd4 38. Qc4+ Kh8 39. Qxd4 Qc6 40. b3 Re8 41. Kf2 Rxe3 42. Qxe3 Qc2+ 43. Qd2 Rxf5+ 44. Kg1 Qxb3 45. Qd8+ Kh7 46. Qd3 Qb6+ 47. Kh1 Qg6 48. g4 Rf4 49. Qxg6+ Kxg6 50. a5 Ra4 51. Rd5 Rb4 52. Kh2 b6 53. Kh3 Rb3+ 54. Rg3 Rb1 55. Rc3 c5 56. Rd6+ Kg5 57. Rxb6 Rh1+ 58. Kg2 Ra1 59. Rxc5+ Kh4 60. Rb4 g5 61. Rc3 Ra2+ 62. Kf3 h5 63. gxh5+ Kxh5 64. Rc5 Ra3+ 65. Ke4 Kh4 66. Kf5+ Kh5 67. Rb6 Rf3+ 68. Ke4 Rf4+ 69. Ke3 Rf8 70. Rxa6 Kh4 71. Rh6+ Kg4 72. Rg6 Re8+ 73. Kd4 Rd8+ 74. Kc4 Rd1 75. Rcxg5+ 1-0